Normal view
MARC view
- تاليف المزين، عبد الرحمن
Entry Personal Name
001 - CONTROL NUMBER
- control field: 34547
003 - CONTROL NUMBER IDENTIFIER
- control field: JO-AjAnu
005 - DATE AND TIME OF LATEST TRANSACTION
- control field: 20230606075803.0
008 - FIXED-LENGTH DATA ELEMENTS
- fixed length control field: 230606|| aca||aabn | a|a d
040 ## - CATALOGING SOURCE
- Original cataloging agency: JO-AjAnu
- Transcribing agency: JO-AjAnu
100 ## - HEADING--PERSONAL NAME
- Personal name: تاليف المزين، عبد الرحمن
670 ## - SOURCE DATA FOUND
- Source citation: Work cat.: (JO-AjAnu)17745: تاليف المزين، عبد الرحمن, author, تاريخ فلسطين للفتيان: العصر القديم